| 000 | 00468nam a2200193Ia 4500 | ||
|---|---|---|---|
| 005 | 20250423095502.0 | ||
| 008 | 250422s9999 xx 000 0 und d | ||
| 020 | _a9780443068898 | ||
| 050 | _aRB 31 .U53/ | ||
| 100 | _a[edited by] J.C.E Underwood & S.S Cross | ||
| 245 | 0 | _aGeneral and Systematic Pathology | |
| 250 | _a5th ed. | ||
| 260 | _aCanada | ||
| 260 | _bElsevier Limited | ||
| 260 | _c2009 | ||
| 300 | _a857 p | ||
| 650 | _aPathology | ||
| 942 | _cBK | ||
| 999 |
_c30417 _d30417 |
||